Missing Word: Books Beginning with 'L' Quiz Stats

Quiz Updated Sep 14, 2014

Challenge
Share
Tweet
Embed
Score 0/24 Timer 04:00
0 Plays Today
BOOKS ANSWER % Correct
Live and Let ____Die
93.8%
Les ____Misérables
93.6%
The Lion, the ____ and the WardrobeWitch
93.6%
The Lord of the ____Rings
93.5%
Little ____Women
93.5%
Little House on the ____Prairie
92.4%
Lord of the ____Flies
88.1%
The Last of the ____Mohicans
87.6%
Lady Chatterley's ____Lover
87.5%
Life of ____Pi
77.1%
Lonesome ____Dove
70.6%
The Lovely ____Bones
70.3%
BOOKS ANSWER % Correct
Love in the Time of ____Cholera
62.9%
Like Water for ____Chocolate
57%
The Last ____ of ChristTemptation
54.5%
Let the Right ____ InOne
53.9%
Life on the ____Mississippi
52.9%
Leaves of ____Grass
48.5%
Love in a ____ ClimateCold
40.6%
Little ____Dorrit
35.4%
Lucky ____Jim
21.8%
The Lost ____Symbol
16%
Looking For ____Alaska
9.6%
The Life and Times of ____ KMichael
5.1%

Today's Daily Dose

You're not logged in!

Compare scores with friends on all Sporcle quizzes.
Join for Free
OR
Log In

You Might Also Like...

Show Comments

Extras

Top Quizzes Today


Score Distribution

Your Account Isn't Verified!

In order to create a playlist on Sporcle, you need to verify the email address you used during registration. Go to your Sporcle Settings to finish the process.

Report this User

Report this user for behavior that violates our Community Guidelines.

Details: